000 01667cam a2200265 4500
001 ABS64256
008 010730n2001 000 0 eng u
035 _a(Sirsi) u113843
100 _aBingham, T.
245 _aCreative contracts
260 _c2001
490 _aBuilding
_v266(8192) 6 July 2001, 56-57(2)
520 _aDiscusses the judgment in "Fence Gate Ltd v James R Knowles Ltd" The hotel owners of Fence Gate Inn asked James R Knowles to advise them on an alleged defective kitchen floor. At arbitration, James R Knowles gave expert evidence and issue a fee note which Fence Gate refused to pay. The hotel owners argued that the adjudicator called in by James R Kowles, had no jurisdiction in this case, because the services of James R Knowles fell outside the scope of the Construction Act 1996. The adjudicator ordered Fence Gate to pay, but the hotel owners refused and took out a summons in the Technology and Construction Court. The judge concluded that for expert services to fall within the Construction Act, they must be in relation to construction operations. In the case of James R Knowles the advice had been with regard to legal proceedings.
590 _aABS
650 _aFENCE GATE LTD V JAMES R KNOWLES LTD
650 _aHOUSING GRANTS, CONSTRUCTION AND REGENERATION ACT 1996
650 _aCONSTRUCTION OPERATIONS
650 _aEXPERT SERVICES
650 _aJURISDICTION
650 _aFEES
650 _aEXPERT EVIDENCE
650 _aMANAGEMENT-DISPUTE AVOIDANCE, MANAGEMENT AND RESOLUTION-DISPUTE MANAGEMENT AND RESOLUTION-ALTERNATIVE DISPUTE RESOLUTION-ADJUDICATION
690 _aDispute resolution
_96236
942 _n0
999 _c67824
_d67824